Young Adult Fiction Novels by Description Quiz Stats

Quiz Updated Jul 10, 2016

Challenge
Share
Tweet
Embed
Score 0/22 Timer 07:00
3 Plays Today
% Correct
Twilight
93.8%
The Sisterhood of the Traveling Pants
92.6%
The Hunger Games
90.3%
The Fault in Our Stars
88.8%
The Princess Diaries
88.7%
To Kill a Mockingbird
88.7%
The Absolutely True Diary of a Part-Time Indian
86%
Lord of the Flies
84.8%
Divergent
80.3%
The Outsiders
74.6%
The Perks of Being a Wallflower
73.4%
% Correct
The Mortal Instruments
61.6%
Thirteen Reasons Why
54.9%
Nick & Norah's Infinite Playlist
52.7%
Paper Towns
48.8%
His Dark Materials series
46.4%
Gone
45.9%
The Inheritance Cycle
39.5%
The Bartimaeus Trilogy
38.1%
Tuck Everlasting
35.1%
Howl's Moving Castle
28%
Song of the Lioness
25.7%

You're not logged in!

Compare scores with friends on all Sporcle quizzes.
Join for Free
OR
Log In

You Might Also Like...

Show Comments

Extras

Top Quizzes Today


Score Distribution

Your Account Isn't Verified!

In order to create a playlist on Sporcle, you need to verify the email address you used during registration. Go to your Sporcle Settings to finish the process.

Report this User

Report this user for behavior that violates our Community Guidelines.

Details: